इथं होतं एक गाव (Record no. 338288)
[ view plain ]
| 000 -LEADER | |
|---|---|
| fixed length control field | 00553nam a2200169Ia 4500 |
| 008 - FIXED-LENGTH DATA ELEMENTS--GENERAL INFORMATION | |
| fixed length control field | 090711s9999 xx 000 0 und d |
| 082 ## - DEWEY DECIMAL CLASSIFICATION NUMBER | |
| Item number | 1285 |
| 100 ## - MAIN ENTRY--PERSONAL NAME | |
| Personal name | बोराडे रा. रं. |
| 245 ## - TITLE STATEMENT | |
| Title | इथं होतं एक गाव |
| 260 ## - PUBLICATION, DISTRIBUTION, ETC. (IMPRINT) | |
| Name of publisher, distributor, etc | साकेत प्रकाशन |
| Date of publication, distribution, etc | 2000 |
| 300 ## - PHYSICAL DESCRIPTION | |
| Extent | 120 |
| 600 ## - SUBJECT ADDED ENTRY--PERSONAL NAME | |
| Personal name | बोराडे रा. रं. |
| 630 ## - SUBJECT ADDED ENTRY--UNIFORM TITLE | |
| Uniform title | इथं होतं एक गाव |
| 700 ## - ADDED ENTRY--PERSONAL NAME | |
| Personal name | बोराडे रा. रं. |
| 730 ## - ADDED ENTRY--UNIFORM TITLE | |
| Uniform title | इथं होतं एक गाव |
| 942 ## - ADDED ENTRY ELEMENTS (KOHA) | |
| Koha item type | Book |
No items available.